00521nam a2200193 a 4500001001300000003000900013005001700022008004100039020002300080082001300103100001900116245005500135260003300190300000900223500003500232505001000267650003100277700001900308nice12345678IN_TiNIC20260116015012.0080416s1980 newa grp 000 0 eng  a0883441969 c15000a266bNEL aNelson, Jack A aHunger for Justice the Politics Oof Food and Faith aNew YorkbOrbis Books c1980 a230p aincludes index and biblioraphy2 aIndex aChurch and Social Problems1 aNelson, Jack A